[Event "Qazvin op (Women) 18th"]
[Site "Qazvin"]
[Date "2015.08.16"]
[Round "4"]
[White "Nasirpour, Farnaz"]
[Black "Teymoori, Mandana"]
[Result "0-1"]
[WhiteElo "1593"]
[BlackElo "1810"]
[PlyCount "38"]
[EventDate "2015.08.14"]
[EventType "swiss"]
[EventRounds "11"]
[EventCountry "IRI"]
[SourceTitle "EXT 2016"]
[Source "ChessBase"]
[SourceDate "2015.10.08"]
[SourceVersion "1"]
[SourceVersionDate "2015.10.08"]
[SourceQuality "1"]

1. d4 d5 2. c4 c6 3. Nc3 Nf6 4. Bg5 dxc4 5. Bxf6 exf6 6. e3 b5 7. a4 b4 8. Na2 Qd5 9. Qf3 a5 10. Rc1 c3 11. Qxd5 cxd5 12. b3 Ba6 13. Bxa6 Nxa6 14. Ne2 Bd6 15. Rc2 0-0 16. Nac1 Nc7 17. Nd3 Ne6 18. f4 Rfe8 19. Ng3 Nxd4 0-1